000 00723nam a2200289Ia 4500
005 20260324125747.0
008 008 260324s9999 xx 000 0 eng d
020 _a9780203926710
037 _aEBOOK
040 _aCRL
040 _beng
040 _cCRL
041 _2eng
041 _aeng
084 _qCRL
100 _aBrian Davies; Emma Rich; John Evans; Rachel Allwood
_91179210
245 0 _aEducation, Disordered Eating and Obesity Discourse
245 0 _bFat Fabrications
260 _bTaylor and Francis
260 _c2008
365 _a
365 _b230
856 _uhttp://www.taylorfrancis.com/books/9780203926710
942 _cEBOOK
999 _c1774759
_d1774759